000 00700nam a2200253Ia 4500
003 OSt
005 20220926034031.0
006 a|||||r|||| 00| 0
007 ta
008 220923b |||||||| |||| 00| 0 eng d
020 _a0814452523
037 _cGeneral Book
040 _aRTL
_cRTL
_beng
041 _2eng
_aeng
082 _aX:514-8, L1
100 _aCarney Gerard J
_9314998
245 0 _aManaging a sales territory
260 _aWashington
_bAMA
_c1971
300 _axi,228p
_ccm.
490 _aAmerican Management Association, Publication
650 _aSalesmanship
_9229886
942 _hX:514-8, L1
_cGB
_2CC
999 _c658547
_d658547